000 00625nam a2200193 i 4500
001 134787
003 ES-MaACL
005 20230906194738.0
007 t|
008 070913s1968 sp ||||1| spa d
100 1 _aWeiss, Peter.
_9116409
245 1 3 _aLa indagación
_b: oratoria en 11 cantos /
_cPeter Weiss ; epílogo por Jacobo Muñoz ; [traducido por Ernest-Edmund Keil y Jacobo Muñoz].
250 _a[1ª ed.].
260 _aBarcelona :
_bGrijalbo,
_c1968.
300 _a234 p. ;
_c20 cm.
700 1 _aMuñoz, Jacobo.
_9137824
700 1 _aKeil, Ernest-Edmund.
_967729
852 _aES-MaACL
_jC-35288
_bR.67439
999 _c134787
_d134787